000 00496nam a2200181 a 4500
001 3652
003 CO-ViMGA
008 141112s2004 ck r 000 u spa d
040 _aCO-ViMGA
_bspa
_cCO-ViMGA
082 0 4 _a632.954 M177
100 1 _aMársico, Osvaldo J.V
_953653
245 1 0 _aHerbicidas y fundamentos del control de malezas
260 _aBuenos Aires :
_bHemisferio sur,
_c1980
300 _a298 p : il
650 1 4 _aHERBICIDAS
_953654
650 1 4 _aMALEZAS
_953655
942 _2ddc
_cBK
999 _c15690
_d15690